00806nam a2200229 c 450000500170000000800410001702000180005804000480007604100080012406000130013224501130014526000400025830000380029850400530033665000220038965000180041165000200042965000280044965000400047770000390051771000200055620201002073757.0200313s2019 sp a|||fr|||| 00| 0 spa d a9788498359268 aCO-BoUCMbspacDeissy GarciadDeissy Garcia0 aspa aWL 103.500aPsicobiologíabcoordinación Diego Redolar Ripoll ; Agustí, Jordi, Aivar Rodríguez ... [y otros 36] bMédica Panamericanac2019aMadrid axxi, 677 páginasbilustraciones aIncluye referencias bibliográficas e índices17aSistema nervioso 17aNeurología 17aPsicobiología17aconducta (Psicología)17aBiologíaxAspectos psicológicos1 aRedolar Ripoll, Diegoecoordinador1 aAgustí, Jordi